Hospodárska politika

Podrobná bibliografia
Hlavní autori: Hečková, Jaroslava, 1979- (Autor), Chapčáková, Alexandra, 1976- (Autor), Huttmanová, Emília, 1981- (Autor)
Médium: Kniha
Jazyk:slovenčina
Fyzický popis:223 s. grafy, sch., tab. 21 cm
Vydavateľské údaje: Košice Equilibria 2014
ISBN:9788081431326
Vydanie:1. vyd.
Predmet:

MARC

LEADER 00000nam a2200000 a 4500
001 vtls010581461
003 SK-MaSNL
005 20260301034625.0
008 240313s2014 xo da e n 000 0 slo
015 |a SNBA2014/05 
020 |a 9788081431326  |q (brož.) 
035 |a 2B9E07A5-C1CC-4D63-A327-C83039629153 
035 |a urn:nbn:sk:snk-aml4qm 
035 |a urn:nbn:sk:snk-am008wef 
040 |a SNK  |b slo  |c SNK  |e AACR2 
041 0 |a slo 
044 |a xo  |c SK 
072 7 |a 330.5+338  |x Národné hospodárstvo a hospodárska politika  |2 konspekt 
080 |a 338.2  |2 2001 
080 |a (075.8)  |2 2001 
100 1 |a Hečková, Jaroslava,  |d 1979-  |4 aut  |9 198694 
245 1 0 |a Hospodárska politika  |c Jaroslava Hečková, Alexandra Chapčáková, Emília Huttmanová 
250 |a 1. vyd. 
260 |a Košice  |b Equilibria  |c 2014 
300 |a 223 s.  |b grafy, sch., tab.  |c 21 cm 
366 |e 400 výt. 
504 |a Bibliogr.: s. 215-222 
650 0 7 |a hospodárska politika  |2 SNKPH  |9 2279 
650 0 7 |a Economic policy  |2 SNKPHeng  |9 268361 
655 7 |a učebnice vysokých škôl  |2 SNKPH  |9 70191 
655 7 |a Textbooks (higher)  |2 SNKPHeng  |9 276436 
700 1 |a Chapčáková, Alexandra,  |d 1976-  |4 aut  |9 198695 
700 1 |a Huttmanová, Emília,  |d 1981-  |4 aut  |9 213183 
919 |a 978-80-8143-132-6 
958 |a NB 
999 |c 582174  |d 584104 
952 |a SNK  |b SNK  |y PREZ  |7 0  |p 17A1105715  |o snkSC 158537  |i snk2014/6259  |8 0  |0 0  |1 0  |4 0  |d 2014-03-10  |f 1  |l 0  |r 2025-08-20 00:00:00  |w 2026-02-23 
952 |a SNK  |b SNK  |y VYP  |7 0  |p 17A1105716  |o snkSC 158537 D1  |i snk2014/6260  |8 0  |0 0  |1 0  |4 0  |d 2014-03-10  |l 0  |r 2026-02-23 14:56:12  |w 2026-02-23